00491nam a2200133Ia 4500008004100000024006800041082002100109100008300130245004200213260002600255600002100281650003800302999001700340260210s9999 xx 000 0 und d a01B-04-BCS3Y, 01B-21-BCS3Y, 01B-29-BCS3Y & 01B-42-BCS3Y a005.33712072 KAS aMuhammad Kashif, Fahad Ahmed Khan, Hammad Ali Khan & Shariq Raees Siddiqui 0aWeb Based Academic Information System aKarachi:bUITU,c2001 aComputer Science aBachelor of Computer Science (BS) c31723d31723